000 00395nam a2200145Ia 4500
008 220217s9999||||xx |||||||||||||| ||und||
020 _a81-265-0319-X
082 _a005.16 SAN
100 _aSendler, Corey
_93623
245 0 _aTroubleshooting and repairing your PC
250 _a7th
260 _aWiley dreamtack
_bNew Delhi
_c2002
300 _b429
650 _aUPGRADING AND REPAIRING
999 _c172294
_d172294